Atatürk, CHP ve din (Record no. 352)

MARC details
000 -BAŞLIK
Sabit Uzunlukta Kontrol Alanı 00687na a2200265 4500
001 - KONTROL NUMARASI
Denetim Alanı 14740
003 - KONTROL NUMARASI IDENTIFIER
Denetim Alanı MIRAKIL
005 - SON İŞLEM TARİHİ VE ZAMANI
Denetim Alanı 20181213154745.0
008 - SABİT-BOY VERİ ELEMANLARI - GENEL BİLGİLER
Sabit Uzunlukta Kontrol Alanı 161018b tu 000 0
035 ## - SİSTEM KONTROL NUMARASI
Sistem Kontrol Numarası 14740
040 ## - KATALOGLAMA KAYNAK
Orijinal Kataloglama Ajansı Milas
Kataloglama Dili tur
Metne Dönüştürmek Ajansı TR-AnCHP
041 ## - DİL KODU
Metin / Ses Parça Veya Ayrı Başlığın Dil Kodu tur
082 ## - DEWEY ONLU SINIFLANDIRMA NUMARASI
Sınıflandırma Numarası ATA 297
Ürün Numarası A72 2012
090 ## - SINIFLAMA NUMARASI
Sınıflama Numarası ATA 297 A72 2012
100 ## - ANA GİRİŞ - KİŞİSEL İSİM
Kişisel Ad Özkes, İhsan
245 ## - BAŞLIK TABLOSU
Başlık Atatürk, CHP ve din
Sorumluluk Tablosu, Vb İhsan Özkes
246 ## - UNVAN FORM VARYING
Başlık Doğru / Kısa Başlığı CHP ve din
260 ## - YAYIN, DAĞITIM, VB
Yayın, Dağıtım, Vb Yeri [y.y.]
Yayıncı, Dağıtıcı, Vs Adı [yayl.y.]
Yayın, Dağıtım, Vb Tarihi 2012
300 ## - FİZİKSEL TANIM
Kapsam 66 s.
Diğer Fiziksel Ayrıntıları fotg.
Boyutlar 19 sm.
500 ## - GENEL NOT
Genel Not Yapıt yazarından imzalıdır.
504 ## - KAYNAKÇA VB NOT
Kaynakça Vb Notu Kaynakça var.
600 ## - KONU KATMA GİRİŞ - KURUMSAL ADI
Kişisel Ad Atatürk, Mustafa Kemal
Genel Alt Bölümü Din
610 ## - KONU KATMA GİRİŞ - TOPLANTI ADI
Giriş Elemanı Olarak Kurumsal Ad Veya Yargı Alanı Adı CHP
Genel Alt Bölüm İslam dini
942 ## - EKLENDİ GİRİŞ ELEMANLARI (KOHA)
Sınıflandırma Veya Raf Düzeni Kaynak Dewey Decimal Classification
Koha Öğesi Türü Books
999 ## - SİSTEM KONTROL NUMARALARI (KOHA)
Koha Biblionumber 352
Koha Biblioitemnumber 352
Holdings
Kalıcı Konum Mevcut Konum Edinme Tarihi Edinim Kaynak Toplam Check-Out'Lar Tam Çağrı Numarası Barkod Tarih Son Görülme İtibaren Geçerli Fiyatlar Koha Öğesi Türü Kopya Sayısı Tarihi Geçen Teslim
CHP Kütüphanesi CHP Kütüphanesi 08/31/2016 Bağış   ATA 297 A72 2012 003070 08/31/2016 08/31/2016 Books    
CHP Kütüphanesi CHP Kütüphanesi 08/31/2016 Bağış   ATA 297 A72 2012 003071 08/31/2016 08/31/2016 Books k.2  
CHP Kütüphanesi CHP Kütüphanesi 08/31/2016 Bağış   ATA 297 A72 2012 003072 08/31/2016 08/31/2016 Books k.3  
CHP Kütüphanesi CHP Kütüphanesi 08/31/2016 Bağış   ATA 297 A72 2012 003073 08/31/2016 08/31/2016 Books k.4  
CHP Kütüphanesi CHP Kütüphanesi 08/31/2016 Bağış   ATA 297 A72 2012 003074 08/31/2016 08/31/2016 Books k.5  
CHP Kütüphanesi CHP Kütüphanesi 08/31/2016 Bağış 1 ATA 297 A72 2012 003075 11/14/2019 08/31/2016 Books k.6 10/23/2019
CHP Kütüphanesi CHP Kütüphanesi 10/11/2016 Bağış   ATA 297 A72 2012 006850 10/11/2016 10/11/2016 Books k.7